U.S. Metro Areas with Lowest Murder Rate 2020 - Statistics

General Stats
  • This quiz has been taken 37 times
  • The average score is 13 of 23
Answers on the Map
Answers color-coded by a green-red scale on the quiz's map according to % correct below.
 
Answer Stats
Hint Answer % Correct
1.7 Portland
96%
2.7 Seattle
96%
1.9 Boston
93%
2.2 Minneapolis
93%
3.4 Austin
78%
3.9 Salt Lake City
78%
3.3 New York
74%
3.9 Omaha
67%
2.4 Providence
67%
3.9 Tampa
67%
2.3 Hartford
63%
1.6 Honolulu
63%
3.0 San Diego
63%
2.8 Raleigh
59%
2.9 San Jose
48%
2.7 El Paso
44%
2.0 Albany
37%
1.5 Bridgeport
33%
3.7 New Haven
26%
1.4 Worcester
15%
2.6 McAllen
11%
3.6 Oxnard
4%
2.6 Allentown
0%
No matching quizzes found
Score Distribution
Percent of People with Each Score
Percentile by Number Answered
Your Score History
You have not taken this quiz